000 00770pab a2200157 454500
008 180718b2002 xxu||||| |||| 00| 0 eng d
100 _aNavlakha, Gautam
245 _aSecurity policy: enemy of democracy
260 _c2002
300 _ap.3420-428.
362 _a17 Aug
520 _aIn its response to recent events in Kashmir and elsewhere, the Indian government's security policy reveals a distorted approach. In its bid to end terrorism, a heightened perception of threat has seen an ever-increasing budgeting on security and defence. Ironically, it has also fostered a scenario when the state itself turns persecutor, making victims of its own citizens. - Reproduced.
650 _aState security
773 _aEconomic and Political Weekly
909 _a53315
999 _c53315
_d53315